[Вып. 71] : Линейная и нелинейная параметризация в задачах планирования эксперимента; Вопросы кибернетики

Détails bibliographiques
Parent link:Вопросы кибернетики: сборник статей/ Академия наук СССР (АН СССР), Научный совет по комплексной проблеме "Кибернетика". [Вып. 71] : Линейная и нелинейная параметризация в задачах планирования эксперимента.— , 1975-1992
Autres auteurs: Самойленко С. И. Станислав Иванович (редактор)
Langue:russe
Publié: 1981
Sujets:
Format: Livre
KOHA link:https://koha.lib.tpu.ru/cgi-bin/koha/opac-detail.pl?biblionumber=337524

MARC

LEADER 00000nam2a2200000 4500
001 337524
005 20231102004947.0
035 |a (RuTPU)RU\TPU\book\364012 
035 |a RU\TPU\book\363996 
090 |a 337524 
100 |a 20171108d1981 k y0rusy50 ca 
101 0 |a rus 
102 |a RU 
105 |a y z 001zy 
200 0 |a [Вып. 71] : Линейная и нелинейная параметризация в задачах планирования эксперимента 
210 |d 1981 
215 |a 151 с. 
320 |a Библиогр. в конце ст. 
461 1 |0 (RuTPU)RU\TPU\book\161768  |t Вопросы кибернетики  |o сборник статей  |f Академия наук СССР (АН СССР), Научный совет по комплексной проблеме "Кибернетика"  |v [Вып. 71] : Линейная и нелинейная параметризация в задачах планирования эксперимента  |d 1975-1992 
606 1 |a Кибернетика  |2 stltpush  |3 (RuTPU)RU\TPU\subj\39446  |9 59539 
606 1 |a Эксперимент  |x Планирование  |x Математические методы  |2 stltpush  |3 (RuTPU)RU\TPU\subj\26780  |9 50633 
610 1 |a автоматика 
610 1 |a линейная параметризация 
610 1 |a нелинейная параметризация 
610 1 |a регрессионные эксперименты 
610 1 |a регрессионные эксперименты 
610 1 |a линейные оценки 
610 1 |a SP-планы 
610 1 |a статистические гипотезы 
610 1 |a комбинаторные планы 
675 |a 681.5  |v 3 
675 |a 519.242  |v 3 
702 1 |a Самойленко  |b С. И.  |g Станислав Иванович  |4 340 
801 0 |a RU  |b 63413507  |c 20011210  |g PSBO 
801 2 |a RU  |b 63413507  |c 20171108  |g PSBO 
942 |c BK